00449nam a2200133Ia 4500008004100000020001800041041001200059082001900071100004800090245011600138250001700254260002900271300001500300231221s9999 xx 000 0 und d a9790000000000 aEnglish a343.052 GAU;1 aGaur, V P. Narang, D B. Pujaghai...[et al ] 0aIncome tax : Law and practice incorporating income tax act 1961 as amended up to date assessment year 2011-2012 a39th rev ed. c2011bKalayaniaLudhiana axxii, 6+96